Revisión de las políticas educativas en Chile desde 2004 a 2016: Informe Nacional.

محفوظ في:
التفاصيل البيبلوغرافية
مؤلف مشترك: Ministerio de Educación (autor)
التنسيق: كتاب
منشور في: Santiago, Chile: Centro de Estudios MINEDUC, 2017.
الموضوعات:
الوصول للمادة أونلاين:Disponible Online - Biblioteca Digital Mineduc
الوسوم: إضافة وسم
لا توجد وسوم, كن أول من يضع وسما على هذه التسجيلة!

MARC

LEADER 00000nam a22000007a 4500
003 CL-VaPUC
005 20240724103644.0
008 231012T2017 ||||| |||| 00| 0 eng d
999 |c 442024  |d 442022 
020 |a 978956-292-651-5 
040 |c Pontificia Universidad Católica de Valparaíso 
082 0 4 |2 21  |a 379.83 MIN 2017 
110 1 |a Ministerio de Educación  |e autor  |9 885013 
245 1 0 |a Revisión de las políticas educativas en Chile desde 2004 a 2016:  |b Informe Nacional.  
260 |a Santiago, Chile:  |b Centro de Estudios MINEDUC,  |c 2017. 
300 |a 250 páginas. 
500 |a c.1 Donación Rectoría 2022. 
583 |c 20231012  |k Catalogador Asistente 
650 1 |a Calidad de la educación  |z Chile  |9 882391 
650 1 |a Educación  |x Aspectos políticos  |z Chile  |9 885237 
650 1 0 |a Educación superior  |z Chile  |9 856739 
650 1 |a Política educativa  |z Chile  |9 871408 
650 1 |a Reforma educacional  |z Chile  |9 861698 
856 |u https://bibliotecadigital.mineduc.cl/handle/20.500.12365/4468  |y Disponible Online - Biblioteca Digital Mineduc 
942 |2 ddc  |c BK 
952 |0 0  |1 0  |2 ddc  |4 0  |6 379_830000000000000_MIN_2017  |7 0  |8 A  |9 591922  |a BIBEDU  |b BIBEDU  |c GEN  |d 2023-10-12  |e Donación  |i 5659031  |o 379.83 MIN 2017  |p 5659031  |r 2023-10-12  |t 1  |w 2023-10-12  |y BK  |k EDU